WOODEN household furniture : a study of major markets; undertaken for the International Tropical Timber Organization by the International Trade Centre UNCTAD/GATT

Bibliographic Details
Corporate Authors: International Trade Centre UNCTAD/GATT, International Tropical Timber Organization (ITTO)
Format: Book
Published: Geneva : The Centre , 1990
Subjects:

MARC

LEADER 00000cam a2200000 7i4500
001 0000002627
005 20030828.0
090 0 0 |a 684.1   |b WOO 1990 
245 0 0 |a WOODEN household furniture :   |b a study of major markets; undertaken for the International Tropical Timber Organization by the International Trade Centre UNCTAD/GATT 
260 0 0 |a Geneva :   |b The Centre ,   |c 1990 
300 |a xxiii, 449 p. :   |b ill. ;   |c 23 cm. 
500 0 0 |a Furniture industry and trade 
650 0 0 |a Lumber trade   |z Tropics 
650 0 0 |a Market surveys 
650 0 0 |a Woodworking industries 
650 0 0 |a Wood   |z Tropics   |x Marketing 
710 1 1 |a International Trade Centre UNCTAD/GATT 
710 1 1 |a International Tropical Timber Organization (ITTO) 
998 |a JPSM 
999 |a 0000004305   |b Monograph   |c Open Shelf   |e Default branch